[Event "January TNT"]
[Site "Winnipeg CAN"]
[Date "2006.01.03"]
[Round "1"]
[White "Reimer, Bruce"]
[Black "Babb, Jeff"]
[Result "0-1"]
[WhiteElo "1479"]
[BlackElo "2139"]
[PlyCount "72"]
[EventDate "2006.01.03"]
[EventType "swiss"]
[EventRounds "5"]
[EventCountry "CAN"]

1. e4 d6 2. d4 Nf6 3. Nc3 g6 4. f4 Bg7 5. Nf3 c5 6. Bb5+ Bd7 7. e5 Ng4 8. O-O
cxd4 9. Bxd7+ Qxd7 10. Qxd4 dxe5 11. fxe5 Qxd4+ 12. Nxd4 Bxe5 13. Nf3 Bxc3 14.
bxc3 O-O 15. Ba3 Nc6 16. Rfe1 Rfe8 17. h3 Nf6 18. Rad1 h5 19. Nd4 e6 20. Nxc6
bxc6 21. Rd6 Rec8 22. c4 Rc7 23. c5 Rb8 24. c3 Nd7 25. Red1 Rbb7 26. Bb4 Nf8
27. Ba5 Rd7 28. Bb4 Rxd6 29. cxd6 Nd7 30. a3 f6 31. c4 c5 32. Bc3 Kf7 33. a4
Rb3 34. Be1 e5 35. a5 Ke6 36. Kf2 Rb2+ 0-1

[Event "January TNT"]
[Site "Winnipeg CAN"]
[Date "2006.01.03"]
[Round "1"]
[White "Wasserman, Arie"]
[Black "Bist, Jordan"]
[Result "1-0"]
[WhiteElo "1625"]
[BlackElo "1228"]
[PlyCount "45"]
[EventDate "2006.01.03"]
[EventType "swiss"]
[EventRounds "5"]
[EventCountry "CAN"]

1. e4 e5 2. Nf3 d6 3. Bc4 Be6 4. Bxe6 fxe6 5. d3 Nc6 6. O-O Qd7 7. Be3 O-O-O 8.
Nc3 Nf6 9. h3 h5 10. a4 a5 11. Qe2 Kb8 12. Nb5 d5 13. Bd2 b6 14. Rad1 Nb4 15.
Bxb4 axb4 16. Nxe5 Qe7 17. Nc6+ Kb7 18. Nxe7 Bxe7 19. exd5 Rxd5 20. Qxe6 Bc5
21. a5 Re8 22. a6+ Ka8 23. Qc6+ 1-0

[Event "January TNT"]
[Site "Winnipeg CAN"]
[Date "2006.01.10"]
[Round "2"]
[White "Babb, Jeff"]
[Black "Green, Jim"]
[Result "1-0"]
[WhiteElo "2139"]
[BlackElo "1717"]
[PlyCount "91"]
[EventDate "2006.01.03"]
[EventType "swiss"]
[EventRounds "5"]
[EventCountry "CAN"]

1. c4 e6 2. g3 d5 3. Bg2 c6 4. Nf3 Nf6 5. b3 d4 6. Bb2 c5 7. b4 Nc6 8. Qa4 Bd7
9. b5 Qa5 10. Qxa5 Nxa5 11. d3 Bd6 12. Nbd2 O-O 13. Ng5 Rab8 14. Nge4 Nxe4 15.
Nxe4 Be7 16. Bc1 b6 17. Bf4 Rbd8 18. h4 Bc8 19. O-O Nb7 20. Bb8 Nd6 21. Bxa7
Nxe4 22. Bxe4 Rd7 23. Bxb6 Bb7 24. Bxb7 Rxb7 25. Ba5 Ra8 26. Bd2 Rba7 27. Rfb1
Bd6 28. Rb2 e5 29. Kf1 f5 30. Ke1 Kf7 31. Kd1 Ra3 32. Kc2 e4 33. b6 Ke7 34. Bf4
Bxf4 35. gxf4 Kd7 36. Rg1 g6 37. h5 Rxa2 38. hxg6 Rxb2+ 39. Kxb2 h6 40. dxe4
fxe4 41. g7 Rg8 42. Kc2 h5 43. b7 Kc7 44. f5 h4 45. f6 h3 46. f7 1-0

[Event "January TNT"]
[Site "Winnipeg CAN"]
[Date "2006.01.10"]
[Round "2"]
[White "Bist, Jordan"]
[Black "Evans, Brian"]
[Result "0-1"]
[WhiteElo "1228"]
[BlackElo "1385"]
[PlyCount "70"]
[EventDate "2006.01.03"]
[EventType "swiss"]
[EventRounds "5"]
[EventCountry "CAN"]

1. e4 c5 2. c4 d6 3. Nc3 Nf6 4. f4 Nc6 5. Nf3 Bg4 6. Be2 Bxf3 7. Bxf3 e5 8. d3
Be7 9. g4 Nd7 10. g5 exf4 11. Bxf4 Bxg5 12. Bxg5 Qxg5 13. Bg4 Qh4+ 14. Kd2 Nde5
15. h3 Qg5+ 16. Kc2 Nb4+ 17. Kb3 Nbxd3 18. Rg1 Qd8 19. Nd5 Nf2 20. Qe2 Nfxg4
21. hxg4 Nc6 22. a3 Nd4+ 23. Ka2 Nxe2 24. Rge1 Nd4 25. e5 O-O 26. Rg1 Nf3 27.
Rg3 Nxe5 28. b3 Re8 29. g5 Ng6 30. Rh1 Re2+ 31. Ka1 Qa5 32. b4 cxb4 33. Rgh3
bxa3 34. Rxh7 Qd2 35. Ne7+ Rxe7 0-1

[Event "January TNT"]
[Site "Winnipeg CAN"]
[Date "2006.01.10"]
[Round "2"]
[White "Green, Aaron"]
[Black "Reimer, Bruce"]
[Result "1-0"]
[WhiteElo "1315"]
[BlackElo "1479"]
[PlyCount "73"]
[EventDate "2006.01.03"]
[EventType "swiss"]
[EventRounds "5"]
[EventCountry "CAN"]

1. e4 Nf6 2. Nc3 d5 3. exd5 Nxd5 4. Nxd5 Qxd5 5. Nf3 Bg4 6. Be2 e6 7. b3 Bxf3
8. gxf3 Qg5 9. Kf1 Qf6 10. c3 Nc6 11. Bb2 O-O-O 12. Rb1 Qh6 13. d4 Be7 14. Bc1
Qg6 15. Bd3 f5 16. Rg1 Qf7 17. Be2 Rhg8 18. Be3 g5 19. f4 g4 20. Rg2 h5 21. Kg1
h4 22. Kh1 Qh7 23. f3 h3 24. Rg1 gxf3 25. Bxf3 Rxg1+ 26. Qxg1 Rg8 27. Qf2 Nd8
28. Rg1 b6 29. Qf1 Nf7 30. Rxg8+ Qxg8 31. Qxh3 Nh8 32. Qg2 Qf8 33. Bb7+ Kd8 34.
Ba6 Kd7 35. Bb5+ c6 36. Qxc6+ Kd8 37. Qd7# 1-0

[Event "January TNT"]
[Site "Winnipeg CAN"]
[Date "2006.01.10"]
[Round "2"]
[White "Kwiatek, Jordan"]
[Black "Khedkar, Jay"]
[Result "1-0"]
[WhiteElo "1710"]
[BlackElo "1876"]
[PlyCount "83"]
[EventDate "2006.01.03"]
[EventType "swiss"]
[EventRounds "5"]
[EventCountry "CAN"]

1. d4 d6 2. f4 f5 3. Nc3 Nf6 4. Nf3 g6 5. e3 Bg7 6. Bc4 c6 7. Qe2 b5 8. Bb3 a5
9. a3 Na6 10. e4 fxe4 11. Nxe4 Nc7 12. Neg5 Nfd5 13. c3 Bf5 14. Nh4 Qd7 15.
Nxf5 Qxf5 16. O-O h6 17. Bc2 Qf6 18. Ne4 Qe6 19. Qf3 Kd7 20. Bd2 Raf8 21. Rae1
Qf7 22. b3 Ne8 23. Qg4+ Kc7 24. Qg3 Rhg8 25. c4 Bxd4+ 26. Kh1 bxc4 27. bxc4 Nb6
28. Bxa5 Qxc4 29. Bd3 Qa4 30. Bd2 Nd5 31. Rc1 Nef6 32. Qf3 e5 33. Nxf6 Nxf6 34.
Rc4 Qa8 35. Rfc1 c5 36. Qd1 Ne4 37. Ba5+ Qxa5 38. Bxe4 Rb8 39. Ra4 Qb6 40. Rb1
Bb2 41. Qd5 Rgd8 42. Rxb2 1-0

[Event "January TNT"]
[Site "Winnipeg CAN"]
[Date "2006.01.10"]
[Round "2"]
[White "Oberton, Daniel"]
[Black "Lindsay, Richard"]
[Result "1/2-1/2"]
[WhiteElo "1708"]
[BlackElo "1753"]
[PlyCount "45"]
[EventDate "2006.01.03"]
[EventType "swiss"]
[EventRounds "5"]
[EventCountry "CAN"]

1. e4 e6 2. d4 d5 3. exd5 exd5 4. Bd3 Nc6 5. c3 Nf6 6. Nf3 Bg4 7. O-O Be7 8.
Bf4 O-O 9. Nbd2 Re8 10. Qc2 Bh5 11. Rae1 Bg6 12. Re2 Bd6 13. Rxe8+ Nxe8 14.
Bxd6 Qxd6 15. Bxg6 hxg6 16. Re1 Nf6 17. Ne5 Re8 18. Ndf3 Nd7 19. Nxc6 Rxe1+ 20.
Nxe1 Qxc6 21. f3 Qe6 22. Kf2 b6 23. Nd3 1/2-1/2

[Event "January TNT"]
[Site "Winnipeg CAN"]
[Date "2006.01.10"]
[Round "2"]
[White "Rumpel, Chris"]
[Black "Gibbons, Lorne"]
[Result "1-0"]
[WhiteElo "1579"]
[BlackElo "1306"]
[PlyCount "69"]
[EventDate "2006.01.03"]
[EventType "swiss"]
[EventRounds "5"]
[EventCountry "CAN"]

1. Nf3 d5 2. g3 Nc6 3. d3 e5 4. Nbd2 Bc5 5. Bg2 Qf6 6. e4 d4 7. c3 Bg4 8. O-O
O-O-O 9. Qc2 Nge7 10. h3 Bh5 11. g4 Bg6 12. a4 dxc3 13. bxc3 Rd7 14. Nb3 Qd6
15. Nxc5 Qxc5 16. Be3 Qd6 17. d4 exd4 18. cxd4 Nb4 19. Qb1 Ned5 20. Bd2 Nc6 21.
Nh4 Nxd4 22. Nxg6 hxg6 23. exd5 Ne2+ 24. Kh1 Ng3+ 25. fxg3 Qxg3 26. Bf4 Rxh3+
27. Kg1 Qxg4 28. Qd1 Qxd1 29. Rfxd1 Rh4 30. Bg3 Rg4 31. Kf2 f5 32. Rh1 Rd8 33.
Rad1 f4 34. Bh3 fxg3+ 35. Kg2 1-0

[Event "January TNT"]
[Site "Winnipeg CAN"]
[Date "2006.01.10"]
[Round "2"]
[White "Trueman, Francis"]
[Black "Gibson, Fred"]
[Result "1-0"]
[WhiteElo "1414"]
[BlackElo "1183"]
[PlyCount "31"]
[EventDate "2006.01.03"]
[EventType "swiss"]
[EventRounds "5"]
[EventCountry "CAN"]

1. Nf3 d5 2. d3 Nf6 3. Nbd2 Nc6 4. g3 g6 5. Bg2 Bg7 6. O-O O-O 7. Re1 Bf5 8. c3
Re8 9. Qc2 Qc8 10. e4 dxe4 11. dxe4 Nxe4 12. Nxe4 Kh8 13. Qe2 Ne5 14. Nxe5 Bxe5
15. Ng5 f6 16. Nf7+ 1-0

[Event "January TNT"]
[Site "Winnipeg CAN"]
[Date "2006.01.10"]
[Round "2"]
[White "Wierda, John"]
[Black "Essery, Richard"]
[Result "0-1"]
[WhiteElo "1817"]
[BlackElo "1617"]
[PlyCount "81"]
[EventDate "2006.01.03"]
[EventType "swiss"]
[EventRounds "5"]
[EventCountry "CAN"]

1. Nf3 b6 2. g3 Bb7 3. Bg2 c5 4. O-O d5 5. c4 e6 6. cxd5 exd5 7. d4 Nf6 8. Nc3
Be7 9. Re1 O-O 10. dxc5 Bxc5 11. e3 Nc6 12. a3 d4 13. Nxd4 Bxd4 14. exd4 Rc8
15. Be3 a6 16. Rc1 Rc7 17. Qb3 Nxd4 18. Bxd4 Qxd4 19. Red1 Qe5 20. Qxb6 Bxg2
21. Kxg2 Rfc8 22. Qxa6 h6 23. Qd3 Rd7 24. Re1 Qxe1 25. Qxd7 Qxf2+ 26. Kxf2 Nxd7
27. Ne2 Rb8 28. b4 Ne5 29. Rc3 Kf8 30. Nf4 g5 31. Nd3 Ng4+ 32. Kg1 Ne3 33. Rc6
Rd8 34. Nf2 Ra8 35. Rc3 Nd5 36. Rd3 Nb6 37. Rb3 Nc4 38. b5 Nxa3 39. b6 Nc4 40.
Ne4 Rb8 41. b7 0-1

[Event "January TNT"]
[Site "Winnipeg CAN"]
[Date "2006.01.17"]
[Round "3"]
[White "Essery, Richard"]
[Black "Babb, Jeff"]
[Result "0-1"]
[WhiteElo "1617"]
[BlackElo "2139"]
[PlyCount "46"]
[EventDate "2006.01.03"]
[EventType "swiss"]
[EventRounds "5"]
[EventCountry "CAN"]

1. e4 e5 2. Bc4 Nf6 3. d4 exd4 4. Nf3 Nc6 5. e5 d5 6. exd6 Bxd6 7. O-O O-O 8.
Bg5 Bg4 9. Re1 h6 10. Bh4 Bxf3 11. gxf3 Ne5 12. Bb3 c5 13. Nd2 Ng6 14. Bxf6
Qxf6 15. Ne4 Qf4 16. Nxd6 Qxd6 17. c3 Nf4 18. Bc2 d3 19. Kh1 Qg6 20. Rg1 dxc2
21. Qc1 Qf5 22. Rg4 Rad8 23. Rxf4 Rd1+ 0-1

[Event "January TNT"]
[Site "Winnipeg CAN"]
[Date "2006.01.17"]
[Round "3"]
[White "Evans, Brian"]
[Black "Falade, Davidson"]
[Result "1-0"]
[WhiteElo "1385"]
[BlackElo "1720"]
[PlyCount "91"]
[EventDate "2006.01.03"]
[EventType "swiss"]
[EventRounds "5"]
[EventCountry "CAN"]

1. e4 e5 2. Nf3 Nc6 3. Bb5 d5 4. Nxe5 Qd6 5. Nxc6 bxc6 6. Bd3 Nf6 7. Qe2 dxe4
8. Bxe4 Nxe4 9. Qxe4+ Be7 10. O-O O-O 11. Nc3 Ba6 12. d3 Rfe8 13. Re1 Qd7 14.
Qf3 Rab8 15. b3 Bb7 16. Bb2 h6 17. Ne4 c5 18. Qg3 g6 19. Qe5 f6 20. Nxf6+ Bxf6
21. Qxf6 Kh7 22. Re5 Rxe5 23. Qxe5 Re8 24. Qxc5 Bxg2 25. Kxg2 Qg4+ 26. Kh1 Qf3+
27. Kg1 Rf8 28. Qd4 Qf7 29. Re1 g5 30. Qe4+ Kg8 31. Qe6 Kh7 32. Qxf7+ Rxf7 33.
Ba3 Kg6 34. Re7 Rxe7 35. Bxe7 Kf5 36. Kg2 h5 37. h3 a6 38. b4 c6 39. a4 Kf4 40.
c4 g4 41. hxg4 Kxg4 42. b5 cxb5 43. cxb5 axb5 44. axb5 Kf5 45. d4 Ke6 46. b6
1-0

[Event "January TNT"]
[Site "Winnipeg CAN"]
[Date "2006.01.17"]
[Round "3"]
[White "Gibbons, Lorne"]
[Black "Gibson, Fred"]
[Result "1-0"]
[WhiteElo "1306"]
[BlackElo "1183"]
[PlyCount "65"]
[EventDate "2006.01.03"]
[EventType "swiss"]
[EventRounds "5"]
[EventCountry "CAN"]

1. d4 Nf6 2. c4 e6 3. a3 b6 4. Nc3 c5 5. dxc5 bxc5 6. Bf4 d6 7. Nb5 Ne4 8. f3
e5 9. Qd5 exf4 10. Qxe4+ Be6 11. Qxa8 Be7 12. Qe4 O-O 13. Qxf4 Nc6 14. e4 a6
15. Nc3 Nd4 16. Bd3 Bg5 17. Qg3 Bh4 18. O-O-O Bxg3 19. hxg3 Qb6 20. e5 Rb8 21.
Na4 Qb7 22. Rxh7 dxe5 23. Rh4 f6 24. Bh7+ Kf8 25. Bg6 Bf7 26. Rh8+ Ke7 27. Rxb8
Qxb8 28. Bxf7 Kxf7 29. Nxc5 Qc8 30. b4 Qf5 31. Ne4 Nb3+ 32. Kb2 Nd4 33. Nd6+
1-0

[Event "January TNT"]
[Site "Winnipeg CAN"]
[Date "2006.01.17"]
[Round "3"]
[White "Green, Aaron"]
[Black "Wasserman, Arie"]
[Result "1-0"]
[WhiteElo "1315"]
[BlackElo "1625"]
[PlyCount "57"]
[EventDate "2006.01.03"]
[EventType "swiss"]
[EventRounds "5"]
[EventCountry "CAN"]

1. e4 e5 2. Nf3 Nc6 3. Nc3 Bb4 4. a3 Ba5 5. Bb5 Nf6 6. b4 Bb6 7. Bxc6 dxc6 8.
d3 Bg4 9. Bb2 O-O 10. h3 Bxf3 11. Qxf3 Re8 12. O-O h6 13. Rad1 Re6 14. Rd2 Bd4
15. Rb1 Nh7 16. Qd1 Qg5 17. Kh2 Rg6 18. f3 Qg3+ 19. Kh1 Qxh3+ 20. gxh3 Ng5 21.
Rh2 Re8 22. h4 Ne6 23. Ne2 Bb6 24. Rg2 Rf6 25. Qf1 g5 26. Bxe5 Rg6 27. h5 Nf4
28. hxg6 Nxg6 29. Bd4 1-0

[Event "January TNT"]
[Site "Winnipeg CAN"]
[Date "2006.01.17"]
[Round "3"]
[White "Green, Jim"]
[Black "Oberton, Daniel"]
[Result "1-0"]
[WhiteElo "1717"]
[BlackElo "1708"]
[PlyCount "83"]
[EventDate "2006.01.03"]
[EventType "swiss"]
[EventRounds "5"]
[EventCountry "CAN"]

1. e4 c5 2. Nf3 d6 3. Bb5+ Bd7 4. Bxd7+ Nxd7 5. O-O Ngf6 6. Qe2 g6 7. c4 Bg7 8.
Nc3 O-O 9. b3 Ng4 10. Bb2 Nge5 11. Ne1 f5 12. f4 Nc6 13. Nc2 fxe4 14. Qxe4 e5
15. Qd5+ Kh8 16. Ne4 exf4 17. Bxg7+ Kxg7 18. Ng5 Rf6 19. Ne6+ Rxe6 20. Qxe6 Nf8
21. Qe4 g5 22. Rae1 Ne5 23. d4 Nc6 24. dxc5 dxc5 25. Rd1 Qe7 26. Qf5 Nd4 27.
Nxd4 cxd4 28. Rfe1 Qd8 29. Qe5+ Kg6 30. Rxd4 Qb6 31. Kh1 Rd8 32. Qe4+ Kh6 33.
Rxd8 Qxd8 34. Qe7 Qb8 35. h4 gxh4 36. Qxh4+ Kg6 37. Re4 Kf5 38. Rd4 Qc7 39.
Rd5+ Kg6 40. Qg5+ Kf7 41. Rf5+ Ke8 42. Qxf4 1-0

[Event "January TNT"]
[Site "Winnipeg CAN"]
[Date "2006.01.17"]
[Round "3"]
[White "Khedkar, Jay"]
[Black "Rumpel, Chris"]
[Result "1-0"]
[WhiteElo "1876"]
[BlackElo "1579"]
[PlyCount "45"]
[EventDate "2006.01.03"]
[EventType "swiss"]
[EventRounds "5"]
[EventCountry "CAN"]

1. e4 e6 2. d4 d5 3. Nc3 Bb4 4. e5 c5 5. Bd2 Ne7 6. Nb5 O-O 7. c3 Ba5 8. Nf3
cxd4 9. cxd4 Nbc6 10. Bd3 Bxd2+ 11. Qxd2 a6 12. Nc3 h6 13. O-O Na5 14. b3 b5
15. Rac1 Bd7 16. Ne2 Rc8 17. Nf4 Qb6 18. Nh5 Rxc1 19. Rxc1 Rc8 20. Rc5 Nb7 21.
Nf6+ gxf6 22. Qxh6 f5 23. Ng5 1-0

[Event "January TNT"]
[Site "Winnipeg CAN"]
[Date "2006.01.17"]
[Round "3"]
[White "Lipnowski, Samuel"]
[Black "Kwiatek, Jordan"]
[Result "1-0"]
[WhiteElo "2180"]
[BlackElo "1710"]
[PlyCount "103"]
[EventDate "2006.01.03"]
[EventType "swiss"]
[EventRounds "5"]
[EventCountry "CAN"]

1. e4 c5 2. Nf3 d6 3. d4 cxd4 4. Nxd4 Nf6 5. Nc3 g6 6. Be3 Bg7 7. f3 O-O 8. Qd2
Nc6 9. Bc4 Bd7 10. h4 Ne5 11. Bb3 b5 12. Ndxb5 Qb8 13. Nd4 Rc8 14. O-O a5 15.
a4 Nc4 16. Bxc4 Rxc4 17. b3 Rc5 18. Nde2 Rh5 19. g3 Bh3 20. Rf2 d5 21. exd5
Nxd5 22. Nxd5 Rxd5 23. Qxd5 Bxa1 24. Bd4 Be6 25. Qc5 Bxd4 26. Qxd4 Qc7 27. Qc3
Qb6 28. Qd4 Qc7 29. Qc3 Qb6 30. Nd4 Rc8 31. Qe3 Bd5 32. Nf5 Qxe3 33. Nxe3 Be6
34. Rd2 Rc3 35. Kf2 Kg7 36. Ke2 Rc5 37. Rd4 Bc8 38. Rd5 Rxd5 39. Nxd5 Ba6+ 40.
Ke3 e6 41. Nc7 Bb7 42. b4 axb4 43. a5 e5 44. a6 Bc6 45. a7 f5 46. a8=Q Bxa8 47.
Nxa8 h6 48. Nc7 g5 49. hxg5 hxg5 50. Nd5 Kg6 51. Nxb4 Kh5 52. c4 1-0

[Event "January TNT"]
[Site "Winnipeg CAN"]
[Date "2006.01.17"]
[Round "3"]
[White "Reimer, Bruce"]
[Black "Bist, Jordan"]
[Result "1-0"]
[WhiteElo "1479"]
[BlackElo "1228"]
[PlyCount "83"]
[EventDate "2006.01.03"]
[EventType "swiss"]
[EventRounds "5"]
[EventCountry "CAN"]

1. e4 e5 2. Nf3 d6 3. d4 Be7 4. dxe5 dxe5 5. Qxd8+ Bxd8 6. Nxe5 Nf6 7. Nc3 O-O
8. Bc4 b6 9. O-O Bb7 10. Re1 Nc6 11. Nxc6 Bxc6 12. h3 Re8 13. f3 Bb7 14. Bf4
Be7 15. Bb3 Bc5+ 16. Kh1 Rac8 17. a3 Nh5 18. Bh2 Re7 19. Rad1 Rce8 20. Rd2 Kf8
21. Red1 f5 22. Nd5 Bxd5 23. Bxd5 Be3 24. Rd3 f4 25. Bg1 Bxg1 26. Kxg1 g5 27.
Bc6 Rc8 28. Rd7 Rxd7 29. Rxd7 Nf6 30. Bb7 Rb8 31. Rxc7 Ne8 32. Rxh7 Nf6 33.
Rh8+ Ng8 34. Bd5 Kg7 35. Rxg8+ Rxg8 36. Bxg8 Kxg8 37. Kf2 Kf7 38. Ke2 Kg6 39.
Kd3 Kh5 40. e5 Kh4 41. Ke2 Kg3 42. Kf1 1-0

[Event "January TNT"]
[Site "Winnipeg CAN"]
[Date "2006.01.17"]
[Round "3"]
[White "Wasserman, Leor"]
[Black "Bigras, Roger"]
[Result "1-0"]
[WhiteElo "1297"]
[BlackElo "1282"]
[PlyCount "115"]
[EventDate "2006.01.03"]
[EventType "swiss"]
[EventRounds "5"]
[EventCountry "CAN"]

1. e4 c5 2. Nf3 Nc6 3. Bc4 e6 4. O-O d5 5. exd5 exd5 6. Bb5 Bd7 7. d4 a6 8.
Bxc6 bxc6 9. Nc3 Bd6 10. dxc5 Bxc5 11. Re1+ Ne7 12. Bf4 Bd6 13. Bg5 O-O 14. Qe2
Re8 15. Ne5 Bc8 16. Nxc6 Nxc6 17. Bxd8 Rxe2 18. Rxe2 Nxd8 19. Re8+ Bf8 20. Rxd8
Bb7 21. Rxa8 Bxa8 22. Rd1 Bd6 23. Nxd5 Bc6 24. Nb4 Bxb4 25. c3 Be7 26. Re1 Kf8
27. Kf1 Bb5+ 28. Kg1 Bc4 29. b3 Be6 30. Kf1 Bd6 31. Ke2 Ke7 32. Kd3 a5 33. c4
f5 34. g3 Kf6 35. Rc1 Bc5 36. f4 g5 37. h3 gxf4 38. gxf4 Kg6 39. Re1 Bf7 40.
Re5 Bd6 41. Rxa5 Bxf4 42. c5 Bd5 43. c6 Be4+ 44. Ke2 Kg5 45. Rc5 Bc7 46. a4 Kh4
47. a5 Kxh3 48. b4 Kg2 49. a6 f4 50. Rg5+ Kh1 51. Rg7 f3+ 52. Ke3 Bb6+ 53. Kxe4
f2 54. Rxh7+ Kg1 55. Rf7 f1=Q 56. Rxf1+ Kxf1 57. a7 Bxa7 58. c7 1-0

[Event "January TNT"]
[Site "Winnipeg CAN"]
[Date "2006.01.24"]
[Round "4"]
[White "Babb, Jeff"]
[Black "Lipnowski, Samuel"]
[Result "1-0"]
[WhiteElo "2139"]
[BlackElo "2180"]
[PlyCount "89"]
[EventDate "2006.01.03"]
[EventType "swiss"]
[EventRounds "5"]
[EventCountry "CAN"]

1. c4 c5 2. Nc3 d6 3. g3 Nc6 4. Bg2 g6 5. e3 Bg7 6. Nge2 Nh6 7. a3 O-O 8. Rb1
Ne5 9. d3 Bg4 10. f4 Nc6 11. Bd2 Qc8 12. h3 Bd7 13. b4 Rb8 14. b5 Nd8 15. Nd5
Re8 16. g4 e6 17. Ndc3 f5 18. g5 Nhf7 19. h4 Qc7 20. Kf2 b6 21. h5 Bc8 22. hxg6
hxg6 23. Qg1 Bb7 24. Qh2 Bxg2 25. Qxg2 Nb7 26. Rh4 Nfd8 27. Rbh1 Na5 28. Nd1
Nb3 29. Bc3 e5 30. Rh7 Ne6 31. R1h3 Qb7 32. Qh2 Re7 33. R7h4 exf4 34. Rh8+ Kf7
35. Bxg7 fxe3+ 36. Nxe3 Nxg7 37. Qxd6 Rxh8 38. Rxh8 Ne6 39. Rh7+ Ng7 40. Qf6+
Kg8 41. Qxg6 Nd2 42. Nd5 Rf7 43. Rxg7+ Rxg7 44. Nf6+ Kh8 45. Qe8+ 1-0

[Event "January TNT"]
[Site "Winnipeg CAN"]
[Date "2006.01.24"]
[Round "4"]
[White "Bigras, Roger"]
[Black "Reimer, Bruce"]
[Result "0-1"]
[WhiteElo "1282"]
[BlackElo "1479"]
[PlyCount "74"]
[EventDate "2006.01.03"]
[EventType "swiss"]
[EventRounds "5"]
[EventCountry "CAN"]

1. e4 Nf6 2. e5 Nd5 3. d4 d6 4. f4 dxe5 5. fxe5 Nc6 6. Nf3 Bg4 7. c3 e6 8. Bd3
Be7 9. O-O O-O 10. Qc2 h6 11. Bd2 Bxf3 12. Rxf3 Bg5 13. Rg3 Bxd2 14. Qxd2 Qh4
15. Rf3 f6 16. Na3 fxe5 17. dxe5 Rxf3 18. gxf3 Nxe5 19. Be2 Rf8 20. Rf1 Nf4 21.
Kh1 Qh3 22. Rg1 Nxf3 23. Bxf3 Qxf3+ 24. Rg2 Qxg2+ 25. Qxg2 Nxg2 26. Kxg2 a6 27.
Nc4 Rf5 28. Ne3 Rf6 29. Nc4 Kf7 30. Ne5+ Ke7 31. h4 Kd6 32. Nf3 e5 33. c4 e4
34. Nd2 Ke5 35. Kg3 e3 36. Nf3+ Ke4 37. Kg2 Rxf3 0-1

[Event "January TNT"]
[Site "Winnipeg CAN"]
[Date "2006.01.24"]
[Round "4"]
[White "Green, Jim"]
[Black "Trueman, Francis"]
[Result "1-0"]
[WhiteElo "1717"]
[BlackElo "1414"]
[PlyCount "51"]
[EventDate "2006.01.03"]
[EventType "swiss"]
[EventRounds "5"]
[EventCountry "CAN"]

1. e4 d6 2. b3 Nf6 3. d3 g6 4. Bb2 Bg7 5. Nc3 c6 6. Be2 O-O 7. Nf3 e5 8. h3
Nfd7 9. Qd2 f5 10. O-O-O f4 11. g4 Nb6 12. g5 Be6 13. Rdg1 d5 14. h4 dxe4 15.
Nxe4 Bf5 16. Qb4 Na6 17. Qd6 Qxd6 18. Nxd6 Nc5 19. Bxe5 Bxe5 20. Nxe5 Rad8 21.
Nxf5 Rxf5 22. Ng4 Kg7 23. Bf3 Rd6 24. Re1 Rd7 25. Nf6 Rf7 26. Ne8+ 1-0

[Event "January TNT"]
[Site "Winnipeg CAN"]
[Date "2006.01.24"]
[Round "4"]
[White "Kwiatek, Jordan"]
[Black "Green, Aaron"]
[Result "1-0"]
[WhiteElo "1710"]
[BlackElo "1315"]
[PlyCount "33"]
[EventDate "2006.01.03"]
[EventType "swiss"]
[EventRounds "5"]
[EventCountry "CAN"]

1. d4 Nf6 2. c4 g6 3. Nc3 Bg7 4. Nf3 O-O 5. Bg5 h6 6. Bh4 d6 7. Qc2 Nbd7 8. e3
e5 9. Rd1 g5 10. Bg3 Re8 11. dxe5 dxe5 12. Nxe5 Nh5 13. Nxd7 Bxd7 14. Qd2 Nxg3
15. hxg3 Bxc3 16. Qxc3 Qe7 17. Rxh6 1-0

[Event "January TNT"]
[Site "Winnipeg CAN"]
[Date "2006.01.24"]
[Round "4"]
[White "Lindsay, Richard"]
[Black "Rumpel, Chris"]
[Result "0-1"]
[WhiteElo "1753"]
[BlackElo "1579"]
[PlyCount "92"]
[EventDate "2006.01.03"]
[EventType "swiss"]
[EventRounds "5"]
[EventCountry "CAN"]

1. d4 d5 2. c4 c6 3. Nc3 Nf6 4. Bg5 Nbd7 5. e3 a6 6. Nf3 b5 7. cxd5 cxd5 8. Bd3
e6 9. O-O Bd6 10. Qc2 h6 11. Bh4 Bb7 12. Rac1 Rc8 13. Qd2 O-O 14. Rc2 Bb4 15.
Rfc1 Nb6 16. b3 g5 17. Bg3 Ne4 18. Bxe4 dxe4 19. Ne1 Nd5 20. f3 Nxc3 21. Rxc3
Bxc3 22. Rxc3 Rxc3 23. Qxc3 Qc8 24. Qc5 Qc6 25. h4 exf3 26. Qxc6 Bxc6 27. hxg5
hxg5 28. gxf3 Kg7 29. Kf2 f5 30. Be5+ Kg6 31. Nd3 g4 32. Nf4+ Kf7 33. fxg4 fxg4
34. b4 Rc8 35. Nd3 Kg6 36. Nc5 Kf5 37. Kg3 Bd5 38. a3 Ra8 39. a4 Ra7 40. a5 Rh7
41. Nxa6 Rh3+ 42. Kf2 Rf3+ 43. Ke2 g3 44. Nc7 g2 45. Bh2 Rf1 46. Nxd5 exd5 0-1

[Event "January TNT"]
[Site "Winnipeg CAN"]
[Date "2006.01.24"]
[Round "4"]
[White "Wasserman, Arie"]
[Black "Wierda, John"]
[Result "0-1"]
[WhiteElo "1625"]
[BlackElo "1817"]
[PlyCount "61"]
[EventDate "2006.01.03"]
[EventType "swiss"]
[EventRounds "5"]
[EventCountry "CAN"]

1. e4 e6 2. Nc3 d5 3. d4 Bb4 4. Bd2 c5 5. Nf3 Bxc3 6. Bxc3 dxe4 7. dxc5 Qxd1+
8. Rxd1 Nf6 9. Bb5+ Bd7 10. Bxd7+ Nbxd7 11. Bxf6 Nxf6 12. Ne5 Rc8 13. b4 Nd5
14. a3 b6 15. c6 O-O 16. c4 Ne7 17. Ng4 Rxc6 18. Rd4 Ng6 19. Kd2 f5 20. Ne3 Kf7
21. Kc3 Re8 22. g3 Ne5 23. Rhd1 Re7 24. h4 h6 25. h5 Nf3 26. Rd6 g5 27. hxg6+
Kxg6 28. Kb3 Ne5 29. R6d4 Nd3 30. Rd2 f4 31. gxf4 0-1

[Event "January TNT"]
[Site "Winnipeg CAN"]
[Date "2006.01.24"]
[Round "4"]
[White "Wasserman, Leor"]
[Black "Evans, Brian"]
[Result "1/2-1/2"]
[WhiteElo "1297"]
[BlackElo "1385"]
[PlyCount "75"]
[EventDate "2006.01.03"]
[EventType "swiss"]
[EventRounds "5"]
[EventCountry "CAN"]

1. e4 c5 2. Nf3 d6 3. Bc4 Nc6 4. O-O Nf6 5. Nc3 e6 6. d4 cxd4 7. Nxd4 a6 8. Bg5
Be7 9. Bxf6 Bxf6 10. Nde2 b5 11. Bb3 b4 12. Na4 O-O 13. c3 a5 14. a3 Ba6 15.
cxb4 axb4 16. axb4 Nxb4 17. Nac3 Nd3 18. Rb1 Nxb2 19. Rxb2 Bxc3 20. Nxc3 Bxf1
21. Qxf1 Qb6 22. Qb1 Rfb8 23. Nd1 Qb4 24. h3 Ra3 25. Bc2 Qe1+ 26. Kh2 Rxb2 27.
Qxb2 Ra8 28. Qb7 Qa5 29. Ne3 Qa7 30. Qxa7 Rxa7 31. Nc4 Rc7 32. Ne3 d5 33. exd5
exd5 34. Bb3 d4 35. Nd5 Rc5 36. Kg3 d3 37. Ne3 Rc8 38. Kf3 1/2-1/2

[Event "January TNT"]
[Site "Winnipeg CAN"]
[Date "2006.01.31"]
[Round "5"]
[White "Bist, Jordan"]
[Black "Bigras, Roger"]
[Result "1/2-1/2"]
[WhiteElo "1228"]
[BlackElo "1282"]
[PlyCount "63"]
[EventDate "2006.01.03"]
[EventType "swiss"]
[EventRounds "5"]
[EventCountry "CAN"]

1. c4 e5 2. Nc3 Nf6 3. g3 d5 4. Bg2 c6 5. Qa4 d4 6. Nd5 Nbd7 7. Nxf6+ Nxf6 8.
Nf3 Qc7 9. O-O Be7 10. d3 O-O 11. Bg5 b6 12. Rac1 h6 13. Bxf6 Bxf6 14. b4 Rb8
15. b5 c5 16. e3 Re8 17. Rfe1 Bb7 18. Nh4 Bxh4 19. Bxb7 Qxb7 20. gxh4 Qf3 21.
Qxa7 Qg4+ 22. Kh1 Ra8 23. Qxb6 Rxa2 24. Qc6 Re6 25. Rg1 Qxg1+ 26. Rxg1 Rxc6 27.
bxc6 Ra8 28. Rb1 Kh7 29. Rb5 Rc8 30. Rxc5 f6 31. Kg2 Kg6 32. exd4 1/2-1/2